<?xml version="1.0" encoding="UTF-8"?>
<marc:record xmlns:marc="http://www.loc.gov/MARC21/slim">
   <marc:leader>00000nam a2200000 a 4500</marc:leader>
   <marc:datafield ind1="1" ind2=" " tag="100">
      <marc:subfield code="a">Auer, Margit</marc:subfield>
      <marc:subfield code="4">aut</marc:subfield>
      <marc:subfield code="e">Verfasser/-in</marc:subfield>
   </marc:datafield>
   <marc:datafield ind1="1" ind2=" " tag="100">
      <marc:subfield code="a">Dulleck, Nina</marc:subfield>
   </marc:datafield>
   <marc:datafield ind1="0" ind2="0" tag="245">
      <marc:subfield code="a">Die Schule der magischen Tiere 10: Hin und weg!</marc:subfield>
   </marc:datafield>
   <marc:datafield ind1="0" ind2="0" tag="245">
      <marc:subfield code="c">Auer, Margit</marc:subfield>
   </marc:datafield>
   <marc:datafield ind1=" " ind2="1" tag="264">
      <marc:subfield code="c">2018</marc:subfield>
   </marc:datafield>
   <marc:datafield ind1="1" ind2=" " tag="490">
      <marc:subfield code="a">Die Schule der magischen Tiere</marc:subfield>
      <marc:subfield code="v">Band 10</marc:subfield>
   </marc:datafield>
   <marc:datafield ind1="1" ind2=" " tag="520">
      <marc:subfield code="a">Die Schule der magischen Tiere 10: Hin und weg! / von Margit Auer &#xD;
&#xD;
Wer in der Klasse wird heute ein magisches, sprechendes Tier erhalten? *** &#xD;
  &#xD;
BAND 10: An der Wintersteinschule ist was los! Die Jungs sind hin und weg, denn ein Fußball-Casting sorgt für Aufregung.  Ein magisches Meerschweinchen taucht auf. Das Problem: Es will nicht sprechen  und verkrümelt sich in eine unmagische, mümmelnde Meerschweinchen-Gruppe.  Und: "Oje, oje, oje!, jammert Eule Muriel. Denn ein Kind aus der Klasse wird mit seinem magischen Tier wegziehen ... *** &#xD;
&#xD;
 &#xD;
*** DIE SCHULE DER MAGISCHEN TIERE: Diese Schule birgt ein Geheimnis! Wer Glück hat, findet hier den besten Freund, den es auf der Welt gibt. Ein magisches Tier. Ein Tier, das sprechen kann. Wenn es zu dir gehört ... *** &#xD;
&#xD;
 &#xD;
Für die "Schule der magischen Tiere"-Fans wird es wieder spannend! Ein neues Abenteuer wartet  wie immer gibt es viele Bilder, viele kurze Kapitel und ganz viel Lesespaß! *** &#xD;
&#xD;
 &#xD;
Der neue Band der Bestseller-Reihe  schon jetzt ein Kinderbuchklassiker!</marc:subfield>
   </marc:datafield>
   <marc:datafield ind1=" " ind2=" " tag="020">
      <marc:subfield code="a">9783551652805</marc:subfield>
      <marc:subfield code="9">9783551652805</marc:subfield>
   </marc:datafield>
   <marc:datafield ind1=" " ind2=" " tag="020">
      <marc:subfield code="a">3551652805</marc:subfield>
      <marc:subfield code="9">3551652805</marc:subfield>
   </marc:datafield>
   <marc:datafield ind1=" " ind2=" " tag="041">
      <marc:subfield code="a">ger</marc:subfield>
   </marc:datafield>
   <marc:datafield ind1=" " ind2=" " tag="300">
      <marc:subfield code="b">mit s/w-Bildern</marc:subfield>
   </marc:datafield>
   <marc:datafield ind1="0" ind2=" " tag="490">
      <marc:subfield code="v">Band 10</marc:subfield>
   </marc:datafield>
   <marc:datafield ind1=" " ind2=" " tag="338">
      <marc:subfield code="a">Band</marc:subfield>
   </marc:datafield>
   <marc:datafield ind1=" " ind2=" " tag="300">
      <marc:subfield code="a">272 Seiten</marc:subfield>
   </marc:datafield>
</marc:record>
